000 00776nam a22002177a 4500
999 _c87
_d87
003 AR-CdUCM
008 190221b ||||| |||| 00| 0 spa d
040 _aMUNICIPALIDAD PROVINCIAL DEL CUSCO
_cBIBLIOTECA MUNICIPAL DEL CUSCO
082 _a869.508 /
_bA194
100 _aSánchez, Luis Alberto
_9401
245 _aEl pecado de olazabal /
260 _aLima :
_bPopulibros
_c1960.
300 _a171 páginas ;
_c17 cm.
440 _aPopulibros Peruanos 1° serie
_9402
505 _aDon Fernando -- Doña Carmela -- La boda de don Fernando y doña Carmela -- Coloquio de doña ciudad y doña tierra -- Traición...
650 _aObras literarias.
_9403
650 _aPopulibros.
_9404
650 _aLiteratura peruana.
_9169
942 _2ddc
_cLIBROS
945 _awfj
_d2019-02-21